000 00700aam a2200265 4500
005 20260213181151.0
008 150416b2002 xxu||||| |||| 00| 0 spa d
020 _a9507272259
041 _aESP
082 _a364 EL37cr
100 _aElbert, Carlos Alberto
_94747
245 _aLa criminología del siglo XXI en América Latina
260 _aArgentina
260 _bRubinzal-Culzoni
260 _c2002
300 _a352 páginas
490 _aInvestigación Criminal
650 _aCRIMINOLOGÍA
650 _aAMERICA LATINA
650 _aVICTIMOLOGÍA
650 _aPENSAMIENTO CRIMINOLÓGICO
650 _aPOLITICA CRIMINAL
650 _aSOCIOLOGÍA DEL DELITO
942 _cBK
_2ddc
999 _c4663
_d4663